Oscar du Meilleur Réalisateur - Statistiques

Statistiques générales
  • Ce quiz a été pris 48 fois
  • Le résultat moyen est 36 sur 96
Statistiques - réponses
Hint Réponse % Correct
1998 / Titanic James Cameron
85%
2005 / Million Dollar Baby Clint Eastwood
83%
2004 / Le Seigneur des Anneaux : Le Retour du Roi Peter Jackson
83%
1994 / La Liste de Schindler Steven Spielberg
83%
2007 / Les Infiltrés Martin Scorsese
80%
1975 / Le Parrain 2 Francis Ford Coppola
78%
2003 / Le Pianiste Roman Polanski
78%
1999 / Il faut sauver le Soldat Ryan Steven Spielberg
78%
2012 / The Artist Michel Hazanavicius
73%
2017 / La La Land Damien Chazelle
71%
2008 / No Country for Old Men Joel et Ethan Coen
71%
1991 / Danse avec les Loups Kevin Costner
71%
1996 / Braveheart Mel Gibson
71%
1995 / Forrest Gump Robert Zemeckis
71%
2018 / La Forme de L'eau Guillermo Del Toro
68%
1976 / Vol au dessus d'un nid de coucou Milos Forman
68%
1985 / Amadeus Milos Forman
66%
1978 / Annie Hall Woody Allen
66%
1993 / Impitoyable Clint Eastwood
63%
2000 / American Beauty Sam Mendes
63%
1979 / Voyage au bout de l'enfer Michael Cimino
61%
1987 / Platoon Oliver Stone
61%
2014 / Gravity Alfonso Cuaron
56%
2021 / Nomadland Chloé Zhao
56%
1992 / Le Silence des Agneaux Jonathan Demme
56%
2019 / Roma Alfonso Cuaron
54%
2006 / Le Secret de Brokeback Mountain Ang Lee
54%
2013 / L'Odyssée de Pi Ang Lee
54%
2020 / Parasite Bong Joon-Ho
54%
2010 / Démineurs Kathryn Bigelow
54%
1990 / Né un 4 Juillet Oliver Stone
54%
2016 / The Revenant Alejandro Gonzalez Inarritu
51%
2009 / Slumdog Millionaire Danny Boyle
49%
2015 / Birdman ou (la surprenante vertu de l'ignorance) Alejandro Gonzalez Inarritu
46%
2001 / Traffic Steven Soderbergh
46%
1941 / Les Raisins de la Colère John Ford
41%
1986 / Out of Africa Sydney Pollack
41%
1940 / Autant en emporte le vent Victor Fleming
41%
2022 / The Power of the Dog Jane Campion
39%
1972 / French Connection William Friedkin
39%
1960 / Ben-Hur William Wyler
39%
1997 / Le Patient Anglais Anthony Minghella
37%
1989 / Rain Man Barry Levinson
37%
1961 / La Garçonnière Billy Wilder
37%
1958 / Le Pont de la Rivière Kwaï David Lean
37%
1963 / Lawrence D'Arabie David Lean
37%
1955 / Sur les quais Elia Kazan
37%
1983 / Gandhi Richard Attenborough
37%
1988 / Le Dernier Empereur Bernardo Bertolucci
34%
1935 / New York-Miami Frank Capra
34%
1944 / Casablanca Michael Curtiz
34%
2002 / Un Homme D'Exception Ron Howard
34%
1942 / Qu'elle était verte ma vallée John Ford
32%
1968 / Le Lauréat Mike Nichols
32%
1962 / West Side Story Robert Wise et Jerome Robbins
32%
1973 / Cabaret Bob Fosse
29%
1937 / L'Extravagant Mr.Deeds Frank Capra
29%
1977 / Rocky John G.Avildsen
29%
1951 / Eve Joseph L.Mankiewicz
29%
1982 / Reds Warren Beatty
29%
1981 / Des gens comme les autres Robert Redford
27%
1965 / My Fair Lady Georges Cukor
24%
1953 / L'Homme Tranquille John Ford
24%
1949 / Le Trésor de la sierra madre John Huston
24%
1966 / La Mélodie du Bonheur Robert Wise
24%
2011 / Le Discours d'un Roi Tom Hooper
24%
1946 / Le Poison Billy Wilder
22%
1974 / L'Arnaque George Roy Hill
20%
1950 / Chaînes Conjugales Joseph L.Mankiewicz
20%
1939 / Vous ne l'emporterez pas avec vous Frank Capra
17%
1959 / Gigi Vincente Minnelli
17%
1948 / Le Mur Invisible Elia Kazan
15%
1984 / Tendres Passions James L.Brooks
15%
1970 / Macadam Cowboy John Schlesinger
15%
1969 / Oliver ! Carol Reed
12%
2023 / Everything Everywhere All At Once Daniel Kwan et Daniel Scheinert
12%
1929 (Drame) / L'Heure Suprême Frank Borzage
12%
1971 / Patton Franklin Schaffner
12%
1930 (novembre) / A l'Ouest rien de nouveau Lewis Milestone
12%
1980 / Kramer contre Kramer Robert Benton
12%
1954 / Tant qu'il y aura des Hommes Fred Zinnemann
10%
1967 / Un Homme pour L'éternité Fred Zinnemann
10%
1957 / Géant George Stevens
10%
1936 / Le Mouchard John Ford
10%
1947 / Les Plus belles années de notre vie William Wyler
10%
1956 / Marty Delbert Mann
7%
1952 / Une Place au soleil George Stevens
7%
1943 / Madame Miniver William Wyler
7%
1932 / Bad Girl Frank Borzage
5%
1930 (avril) / La Divine Lady Frank Lloyd
5%
1929 (Comédie) / Two Arabian Knights Lewis Milestone
5%
1934 / Cavalcade Frank Lloyd
2%
1938 / Cette Sacrée Verité Leo McCarey
2%
1945 / La Route semée d'étoiles Leo McCarey
2%
1931 / Skippy Norman Taurog
2%
1964 / Tom Jones Tony Richardson
2%
Aucun quiz correspondant
Distribution des résultats
% des personnes avec chaque résultat
Percentile par nombre de réponses
Votre historique - résultats
Vous n’avez pas pris ce quiz